Probability models for economic decisions
Đã lưu trong:
| 主要作者: | |
|---|---|
| 格式: | 圖書 |
| 語言: | Undetermined |
| 出版: |
Belmont, CA
Thomson/Brooke/Cole
2005
|
| 主題: | |
| 標簽: |
添加標簽
沒有標簽, 成為第一個標記此記錄!
|
| Thư viện lưu trữ: | Trung tâm Học liệu Trường Đại học Cần Thơ |
|---|
| LEADER | 00657nam a2200205Ia 4500 | ||
|---|---|---|---|
| 001 | CTU_133082 | ||
| 008 | 210402s9999 xx 000 0 und d | ||
| 020 | |c 1521000 | ||
| 082 | |a 330.015195 | ||
| 082 | |b M996 | ||
| 100 | |a Myerson, Roger B. | ||
| 245 | 0 | |a Probability models for economic decisions | |
| 245 | 0 | |c Roger B. Myerson | |
| 260 | |a Belmont, CA | ||
| 260 | |b Thomson/Brooke/Cole | ||
| 260 | |c 2005 | ||
| 650 | |a Decision making,Economics, Mathematical,Probabilities,Statistical decision,Toán kinh tế,Toán xác suất | ||
| 650 | |x Mathematical models | ||
| 904 | |i Giang | ||
| 980 | |a Trung tâm Học liệu Trường Đại học Cần Thơ | ||